1825 1945 1681 1890 1476 1471 1202 1707 1301 1419 1002 1067 1932 1301 1568 1957 1079 1632 1017 1140 1339 1691 1906 1056 1477 1876 1326 1036 1610 1615 1400 1571 1473 1239 1725 1985 1992 1606 1071 1104 1139 1028 1923 1724 1402 1711 1911 1281 1485 1875 1901 1275 1534 1789 1544 1155 1874 1148 1248 1328 1210 1452 1322 1505 1254 1017 1238 1045 1173 1379 1727 1400 1718 1396 1420 1616 1765 1752 1803 1894 1636 1210 1204 1648 1089 1094 1561 1417 1042 1245 1538 1094 1931 1389 1102 1789 1194 1613 1254 BCNSPRNW ULIB Ver.6.0+V

เปลี่ยนเป็นภาษาไทย

Change to English
 แสดงรายละเอียดบรรณานุกรม
  กลับหน้าหลัก

Brief Record : Get Marc (ISO 2709) : E-mail record : QR code < ปิดหน้าต่าง
LEADER : 00000nam 2200000uu 4500
001    13399122253
003     ULIB
008    020711s2539 th a 000 0 tha d
020    9748968472
060    WQ209^bพ664ค
100    พิชัย เจริยพานิช
245    คู่มือก่อนคลอดสำหรับคุณแม่ /^cพิชัย เจริยพานิช
250    พิมพ์ครั้งที่ 3
260    กรุงเทพฯ :^b21 จำกัด,^c2539
300    169 หน้า
650    คู่มือ^xก่อนคลอด
945    ^p0^l0^i009193
รายการนี้ยังไม่มีแท็ก
คุณยังไม่ได้ล็อกอิน คุณสามารถมีกิจกรรมร่วมกับเว็บไซต์ได้ แต่ต้องล็อกอินก่อน ::
  ล็อกอิน

รายการสื่อสารสนเทศ

ลำดับที่ ประเภท เลขเรียก/บาร์โค้ด สถานที่ สถานะ
1. วิทยาศาสตร์การแพทย์ และสุขภาพ
วิทยาศาสตร์การแพทย์ และสุขภาพ
WQ209 พ664ค ฉ.1 
  Barcode: 009193
ห้องสมุดวิทยาเขตสวรรค์ประชารักษ์
►หนังสือทั่วไป
บนชั้น

BibComment


ยังไม่เคยถูกคอมเมนท์

คอมเมนท์ทรัพยากรรายการนี้
  คอมเมนท์: คู่มือก่อนคลอดสำห..


 Copyright 2026. Bcnsprnw @Library